02130aam a2200325 i 450000100060000000300100000600500170001600700030003300800410003602000150007703500100009203500210010204000350012304100080015808200080016611000800017424500780025426400460033230000510037833600270042933700150045633800120047149000290048350508490051252003380136165000220169965000180172165000360173983000290177562461CO-MdUADB20260504071454.0ta960313s1990 mk d gr spa d a9586012875 a62461 a(OCoLC)778184600 aCO-MdUADBbspacCO-MdUADBerda aspa 4a30520aUniversidad Nacional de Colombia (Bogota). Grupo Mujer y Sociedad4auteaut10aMujer, amor y violencia :bnuevas interpretaciones de antiguas realidades aBogotá :bTercer Mundo Editores,c1990. a208 páginas :bgráficas en blanco y negro. 2rdacontemtatextobtxt ano mediado avolumen1 aGrupo mujer y sociedad. a gPRIMERA PARTE: Raíces de la opresión de la mujer. --t Capítulo 1: ¿Nos determina la naturaleza? -- ¿Nos condiciona la biología? -- tCapítulo 2: Desentrañando la lógica que presupone la inferioridad de la mujer. --tCapítulo 3: De la ambivalencia primigenia frente a la mujer a la misoginia universal. --tCapítulo 4: El trabajo doméstico: una forma ancestral de opresión a la mujer. -- gSEGUNDA PARTE: Amor y violencia. -- tCapítulo 1: Freud y la mujer. -- tCapítulo 2: Amor, sexualidad y erotismo femenino Deshojando la vida (poemas). --tCapítulo 3. Mujer y violencia. --gTERCERA PARTE: Estado, infancia y organizaciones femeninas en Colombia. --tCapítulo 1: Mujer y política social: el caso de los hogares infantiles. -- tCapítulo 2: Hacia un nuevo estilo de organización de las mujeres.3 aRESUMEN: Los artículos que conforman esta obra incursionan, desde diversos enfoques, disciplinas y escuelas de pensamiento, en el análisis de la subordinación de la mujer como hecho histórico-cultural, y en la identificación de los procesos gestados por las mujeres para conquistar su autonomía. (Tomado de la cubierta).  7aFeminismo2armarc 7aMujeres2lemb 7aViolencia contra la mujer2lemb aGrupo mujer y sociedad.